| 000 | 00532cam a2200193ua 4500 | ||
|---|---|---|---|
| 041 |
_aeng _h |
||
| 082 |
_a630.301 _bALB/FO |
||
| 100 | _aAlberda , T . | ||
| 245 |
_aFood from dry lands : An entegrated approach to planning of agricultureal development / _cC T Wit. _hTextual Documents |
||
| 250 |
_a1 / _b. |
||
| 260 |
_a : _bKluwer Academic Publishers , _c1992. |
||
| 300 | _a211 ; . | ||
| 504 | _a | ||
| 700 | 1 | _aKeulen, H . | |
| 700 | 1 | _aSeligman, N G . | |
| 700 | 1 | _aWit, C T . | |
| 942 | _cBK | ||
| 999 |
_c3264 _d3264 |
||